| 000 | 01190nam a22002774a 4500 | ||
|---|---|---|---|
| 001 | PE-BaUNAB | ||
| 006 | a||||gr|||| 001 0 | ||
| 007 | ta | ||
| 008 | t pe gr 00| 0 spa d | ||
| 017 | _a2023-02928 | ||
| 020 | _a9786123178451 | ||
| 040 | _aPE-BaUNAB | ||
| 041 | _aspa | ||
| 043 | _cper | ||
| 082 | _a343.335 | ||
| 100 |
_aRubio Correa, Marcial Antonio _d1948- _97459 |
||
| 245 |
_aLos derechos fundamentales no escritos y análogos / _cMarcial Antonio Rubio Correa |
||
| 260 |
_aLima: _bFondo Editorial PUCP, _c2023. |
||
| 300 |
_a194 p.; _c20 cm. |
||
| 490 |
_aLo esencial del derecho _v68 |
||
| 500 | _aÍndice: p.11 -194. | ||
| 504 | _aBibliografía : p. 3189 | ||
| 505 | _aLas reglas sobre derechos no escritos y análogos en la constitución. -- Revisión conceptual de los derechos declarados no escritos por la jurisprudencia. -- Derechos no escritos no aceptados por el tribunal constitucional. -- . -- Análisis de la taxonomía de los derechos no escritos y de su relación con los derechos análogos. -- Principios constitucionales no escritos. -- Casos raros. | ||
| 650 | 0 |
_aDerechos fundamentales _zPerú _913183 |
|
| 942 |
_2ddc _cLIB _e2026-02-02 _zIRQ |
||
| 999 |
_c5849 _d5849 |
||